000 00617nam a2200229Ia 4500
003 OSt
005 20221007072842.0
006 a|||||r|||| 00| 0
007 ta
008 221006b |||||||| |||| 00| 0 eng d
024 _a13,990
037 _cTextual
040 _aFLL
_cFLL
_beng
041 _2eng
_aeng
082 _aW:91564, L0
100 _aBailey Sydney D. Au.
_9690079
245 0 _aPeaceful settlement of disputes
260 _aLondon
_bSweet and Maxwell London
_c1970
300 _a67p
_ccm.
942 _hW:91564, L0
_cTEXL
_2CC
999 _c1147118
_d1147118